000
00323nam a22001457a 4500
008
230622b ||||| |||| 00| 0 eng d
020
_a
9781285453187
041
_a
eng
080
_2
8E
_a
575
082
_a
575ZUM
100
_a
13
101
_a
BIOKIMI
245
_a
INTRODUCTORY CHEMISTRY
_c
ZUMDAHL.DE
942
_2
udc
_c
BK
999
_c
60021
_d
60021